000 00624cam a2200205 4500500
005 20260329003317.0
041 _afre
042 _adc
100 1 0 _aEnjalbert, Cédric
_eauthor
245 0 0 _aPositiviste attitude. Sur les pas d’Auguste Comte
260 _c2015.
500 _a56
690 _aAuguste Comte
690 _aBrésil
690 _aMichel Houellebecq
690 _aPositivisme
690 _aReligion
786 0 _nPhilosophie magazine | 90 | 6 | 2015-06-01 | p. 16-18 | 1951-1787
856 4 1 _uhttps://shs.cairn.info/magazine-philosophie-magazine-2015-6-page-16?lang=fr&redirect-ssocas=7080
999 _c1823403
_d1823403